Understanding Classical Sociology : (Record no. 13622)
[ view plain ]
| 000 -LEADER | |
|---|---|
| fixed length control field | 01603cam a2200361 a 4500 |
| 001 - CONTROL NUMBER | |
| control field | 13016621 |
| 005 - DATE AND TIME OF LATEST TRANSACTION | |
| control field | 20060815200559.0 |
| 008 - FIXED-LENGTH DATA ELEMENTS--GENERAL INFORMATION | |
| fixed length control field | 021202s2003 enk |rb 001 0 eng |
| 010 ## - LIBRARY OF CONGRESS CONTROL NUMBER | |
| LC control number | 2002116688 |
| 020 ## - INTERNATIONAL STANDARD BOOK NUMBER | |
| International Standard Book Number | 9780761954675 |
| 040 ## - CATALOGING SOURCE | |
| Original cataloging agency | DLC |
| Transcribing agency | DLC |
| Modifying agency | DLC |
| 050 00 - LIBRARY OF CONGRESS CALL NUMBER | |
| Classification number | HM447 |
| Item number | .H825 2003 |
| 082 00 - DEWEY DECIMAL CLASSIFICATION NUMBER | |
| Classification number | 301.01 |
| Edition number | 22 |
| Item number | HUG |
| 100 1# - MAIN ENTRY--PERSONAL NAME | |
| Personal name | Hughes, J. A., |
| Dates associated with a name | 1941- |
| 9 (RLIN) | 12427 |
| 245 10 - TITLE STATEMENT | |
| Title | Understanding Classical Sociology : |
| Remainder of title | Marx, Weber, Durkheim / |
| Statement of responsibility, etc | John A. Hughes, Wes W. Sharrock, Peter J. Martin. |
| 250 ## - EDITION STATEMENT | |
| Edition statement | 2nd ed. |
| 260 ## - PUBLICATION, DISTRIBUTION, ETC. (IMPRINT) | |
| Place of publication, distribution, etc | London ; |
| -- | Thousand Oaks, Calif. : |
| Name of publisher, distributor, etc | Sage Publications, 2003 |
| Date of publication, distribution, etc | c2003. |
| 300 ## - PHYSICAL DESCRIPTION | |
| Extent | viii, 246 p. ; |
| Dimensions | 24 cm. |
| 504 ## - BIBLIOGRAPHY, ETC. NOTE | |
| Bibliography, etc | Includes bibliographical references(p.235-239) and index. |
| 600 10 - SUBJECT ADDED ENTRY--PERSONAL NAME | |
| Personal name | Marx, Karl, |
| Dates associated with a name | 1818-1883. |
| 9 (RLIN) | 12428 |
| 600 10 - SUBJECT ADDED ENTRY--PERSONAL NAME | |
| Personal name | Weber, Max, |
| Dates associated with a name | 1864-1920. |
| 9 (RLIN) | 12429 |
| 600 10 - SUBJECT ADDED ENTRY--PERSONAL NAME | |
| Personal name | Durkheim, Emile, |
| Dates associated with a name | 1858-1917. |
| 9 (RLIN) | 12430 |
| 650 #0 - SUBJECT ADDED ENTRY--TOPICAL TERM | |
| Topical term or geographic name as entry element | Sociology |
| General subdivision | History. |
| 9 (RLIN) | 12431 |
| 650 #0 - SUBJECT ADDED ENTRY--TOPICAL TERM | |
| Topical term or geographic name as entry element | Sociology |
| General subdivision | Philosophy. |
| 9 (RLIN) | 12432 |
| 700 1# - ADDED ENTRY--PERSONAL NAME | |
| Personal name | Sharrock, W. W. |
| Fuller form of name | (Wes W.) |
| 9 (RLIN) | 12433 |
| 700 1# - ADDED ENTRY--PERSONAL NAME | |
| Personal name | Martin, Peter J., |
| Dates associated with a name | 1947- |
| 9 (RLIN) | 12434 |
| 856 42 - ELECTRONIC LOCATION AND ACCESS | |
| Materials specified | Publisher description |
| Uniform Resource Identifier | <a href="http://www.loc.gov/catdir/enhancements/fy0657/2002116688-d.html">http://www.loc.gov/catdir/enhancements/fy0657/2002116688-d.html</a> |
| 856 41 - ELECTRONIC LOCATION AND ACCESS | |
| Materials specified | Table of contents only |
| Uniform Resource Identifier | <a href="http://www.loc.gov/catdir/enhancements/fy0657/2002116688-t.html">http://www.loc.gov/catdir/enhancements/fy0657/2002116688-t.html</a> |
| 942 ## - ADDED ENTRY ELEMENTS (KOHA) | |
| Source of classification or shelving scheme | Dewey Decimal Classification |
| Item type | NB - Book (Non borrowing) |
| Withdrawn status | Item status | Source of classification or shelving scheme | Damaged status | Not for loan | Vendor | Home library | Current library | Shelving location | Date acquired | Source of acquisition | Total Checkouts | Full call number | Barcode | Date last seen | Date last borrowed | Koha item type |
|---|---|---|---|---|---|---|---|---|---|---|---|---|---|---|---|---|
| Dewey Decimal Classification | Baccah | Central Library | Central Library | First floor | 10/03/2010 | 3 | 301.01 HUG | 000020149 | 15/07/2025 | 23/03/2013 | NB - Book (Non borrowing) |